Lebensentstehung und künstliches Leben: naturwissenschaftliche, philosophische und theologische Aspekte der Zellevolution
| Contributors: | ; |
|---|---|
| Format: | Print Book |
| Language: | German |
| Subito Delivery Service: | Order now. |
| Check availability: | HBZ Gateway |
| WorldCat: | WorldCat |
| Interlibrary Loan: | Interlibrary Loan for the Fachinformationsdienste (Specialized Information Services in Germany) |
| Published: |
Zug
Die Graue Ed.
2010
|
| In: |
Die graue Reihe (56)
Year: 2010 |
| Series/Journal: | Die graue Reihe
56 |
| Standardized Subjects / Keyword chains: | B
Life
/ Rise of
/ Artificial life
/ Theory of evolution
|
| Further subjects: | B
Collection of essays
B Artificial Intelligence B Necessity B Robotics B Cells B Chance B Lebensentstehung B Genetic Engineering B Intelligent design B Vitalism B Hardback B Biogenesis B Zellevolution B Evolution, Molecular |
| Online Access: |
Table of Contents Rezension (Publisher) |
MARC
| LEADER | 00000cam a2200000 c 4500 | ||
|---|---|---|---|
| 001 | 635796031 | ||
| 003 | DE-627 | ||
| 005 | 20251223223918.0 | ||
| 007 | tu | ||
| 008 | 100929s2010 sz ||||| 00| ||ger c | ||
| 015 | |a 10,N39 |2 dnb | ||
| 015 | |a 10,N39 |2 dnb | ||
| 016 | 7 | |a 1007152265 |2 DE-101 | |
| 020 | |a 9783906336565 |c Leinen. : EUR 29.00 (DE) |9 978-3-906336-56-5 | ||
| 024 | 3 | |a 9783906336565 | |
| 035 | |a (DE-627)635796031 | ||
| 035 | |a (DE-576)331569221 | ||
| 035 | |a (DE-599)DNB1007152265 | ||
| 035 | |a (OCoLC)682064717 | ||
| 035 | |a (OCoLC)682064717 | ||
| 040 | |a DE-627 |b ger |c DE-627 |e rakwb | ||
| 041 | |a ger | ||
| 044 | |c XA-CH | ||
| 060 | 0 | |a Q 335 | |
| 082 | 0 | |a 500 |q BSZ | |
| 082 | 0 | |a 576.83 | |
| 082 | 0 | 4 | |a 570 |q DNB |
| 082 | 0 | 4 | |a 500 |
| 084 | |a CC 7264 |2 rvk |0 (DE-625)rvk/17679: | ||
| 084 | |a BH 5250 |2 rvk |0 (DE-625)rvk/11716: | ||
| 084 | |a PJ 2280 |2 rvk |0 (DE-625)rvk/136655: | ||
| 084 | |a 42.15 |2 bkl | ||
| 084 | |a 42.21 |2 bkl | ||
| 191 | |a 1 | ||
| 245 | 0 | 0 | |a Lebensentstehung und künstliches Leben |b naturwissenschaftliche, philosophische und theologische Aspekte der Zellevolution |c Wolfgang Alt ... Hrsg. von Volker Herzog |
| 264 | 1 | |a Zug |b Die Graue Ed. |c 2010 | |
| 300 | |a 410 S. |b Ill., graph. Darst. |c 235 mm x 145 mm | ||
| 336 | |a Text |b txt |2 rdacontent | ||
| 337 | |a ohne Hilfsmittel zu benutzen |b n |2 rdamedia | ||
| 338 | |a Band |b nc |2 rdacarrier | ||
| 490 | 1 | |a Die Graue Reihe |v 56 | |
| 500 | |a Literaturverz. S. 388 - 390 | ||
| 583 | 1 | |a Archivierung prüfen |c 20240324 |f DE-4165 |z 1 |2 pdager | |
| 601 | |a Naturwissenschaften | ||
| 601 | |a Philosophie | ||
| 601 | |a Theologe | ||
| 650 | 2 | |a Artificial Intelligence | |
| 650 | 2 | |a Robotics | |
| 650 | 2 | |a Cells | |
| 650 | 2 | |a Evolution, Molecular | |
| 650 | 2 | |a Biogenesis | |
| 650 | 2 | |a Genetic Engineering | |
| 653 | |a Hardback | ||
| 653 | |a Intelligent Design | ||
| 653 | |a Lebensentstehung | ||
| 653 | |a Notwendigkeit | ||
| 653 | |a Vitalismus | ||
| 653 | |a Zellevolution | ||
| 653 | |a Zufall | ||
| 655 | 7 | |a Aufsatzsammlung |0 (DE-588)4143413-4 |0 (DE-627)105605727 |0 (DE-576)209726091 |2 gnd-content | |
| 689 | 0 | 0 | |d s |0 (DE-588)4034831-3 |0 (DE-627)10625068X |0 (DE-576)209009276 |2 gnd |a Leben |
| 689 | 0 | 1 | |d s |0 (DE-588)4156614-2 |0 (DE-627)105507083 |0 (DE-576)20982820X |2 gnd |a Entstehung |
| 689 | 0 | 2 | |d s |0 (DE-588)4311694-2 |0 (DE-627)124256325 |0 (DE-576)211138355 |2 gnd |a Künstliches Leben |
| 689 | 0 | 3 | |d s |0 (DE-588)4071051-8 |0 (DE-627)106098683 |0 (DE-576)20918275X |2 gnd |a Evolutionstheorie |
| 689 | 0 | |5 DE-101 | |
| 700 | 1 | |0 (DE-588)124529895 |0 (DE-627)363400184 |0 (DE-576)294216707 |4 oth |a Alt, Wolfgang |d 1947- | |
| 700 | 1 | |e Hrsg. |0 (DE-588)140552219 |0 (DE-627)619800070 |0 (DE-576)161405282 |4 edt |a Herzog, Volker |d 1939- | |
| 830 | 4 | |a Die graue Reihe |v 56 |9 56 |w (DE-627)182292282 |w (DE-576)017528127 |w (DE-600)1194439-0 |7 am | |
| 856 | 4 | 2 | |u https://swbplus.bsz-bw.de/bsz331569221inh.htm |m B:DE-576;DE-180-1-4 |q application/pdf |v 20101130134942 |x Verlag |3 Inhaltsverzeichnis |7 1 |
| 856 | 4 | 2 | |u https://swbplus.bsz-bw.de/bsz331569221rez.htm |m B:DE-576;DE-21 |q application/pdf |v 20160331153322 |x Verlag |3 Rezension |7 1 |
| 935 | |a mteo | ||
| 935 | |i Blocktest | ||
| 936 | r | v | |a CC 7264 |b Bio- und Medizinethik |k Philosophie |k Systematische Philosophie |k Ethik |k Angewandte Ethik (Bioethik, Medizinische Ethik, Ethik der einzelnen Wissenschaften) |k Bio- und Medizinethik |0 (DE-627)1320147151 |0 (DE-625)rvk/17679: |0 (DE-576)250147157 |
| 936 | r | v | |a BH 5250 |b Schöpfungsglaube und Naturwissenschaft |k Theologie und Religionswissenschaften |k Evangelische Dogmatik |k Spezielle Dogmatik |k Schöpfungslehre |k Schöpfungsglaube und Naturwissenschaft |0 (DE-627)1272615367 |0 (DE-625)rvk/11716: |0 (DE-576)202615367 |
| 936 | r | v | |a PJ 2280 |b Forschung am Menschen (u.a. Reproduktionsmedizin, Genforschung und -technologie den Menschen betreffend) |k Rechtswissenschaft |k Medizinrecht (Biorecht, Recht des Gesundheitswesens, Arzneimittel- und Medizinproduktrecht, Medizinstrafrecht, Apothekenrecht) |k Ethisch-rechtliche Fragen zum Medizin- und Biorecht |k Forschung am Menschen (u.a. Reproduktionsmedizin, Genforschung und -technologie den Menschen betreffend) |0 (DE-627)1448227755 |0 (DE-625)rvk/136655: |0 (DE-576)378227750 |
| 936 | b | k | |a 42.15 |j Zellbiologie |0 (DE-627)106421433 |
| 936 | b | k | |a 42.21 |j Evolution |x Biologie |0 (DE-627)106409808 |
| 951 | |a BO | ||
| ACO | |a 1 | ||
| ELC | |b 1 | ||
| ITA | |a 1 | ||
| LOK | |0 000 xxxxxcx a22 zn 4500 | ||
| LOK | |0 001 3114170862 | ||
| LOK | |0 003 DE-627 | ||
| LOK | |0 004 635796031 | ||
| LOK | |0 005 20140626160550 | ||
| LOK | |0 008 111025||||||||||||||||ger||||||| | ||
| LOK | |0 040 |a DE-21-121 |c DE-627 |d DE-21-121 | ||
| LOK | |0 541 |e 2011/0061 | ||
| LOK | |0 852 |a DE-21-121 | ||
| LOK | |0 852 1 |c bio J. 71 |m p |9 00 | ||
| LOK | |0 866 |x Bibdia: 52580 | ||
| LOK | |0 935 |a k121 |a i121 | ||
| LOK | |0 938 |a 1110 | ||
| LOK | |0 938 |k p | ||
| LOK | |0 939 |a 25-10-11 |b l01 | ||
| ORI | |a SA-MARC-ixtheoa001.raw | ||
| REF | |a Lebensursprung | ||
| REL | |a 1 | ||
| SPR | |a 1 |t IXT | ||
| STA | 0 | 0 | |a Artificial life,Life,Life,Life,Life in art,Rise of,Emergence of,Coming into being of,Development of,Origin of,Theory of evolution,Evolution |
| STB | 0 | 0 | |a Genèse,Émergence,Émergence,Théorie de l'évolution,Vie artificielle,Vie,Vie,Vie |
| STC | 0 | 0 | |a Génesis,Teoría de la evolución,Vida artificial,Vida,Vida |
| STD | 0 | 0 | |a Genesi,Teoria dell'evoluzione,Evoluzionismo,Evoluzionismo,Vita artificiale,Vita,Vita |
| STE | 0 | 0 | |a 形成,起缘,产生,演化论,进化论,生命,生命 |
| STF | 0 | 0 | |a 人工生命,形成,起緣,產生,演化論,進化論,生命,生命 |
| STG | 0 | 0 | |a Gênese,Teoria da evolução,Vida artificial,Vida,Vida |
| STH | 0 | 0 | |a Возникновение,Жизнь (мотив),Жизнь,Искусственная жизнь,Теория эволюции |
| STI | 0 | 0 | |a Γένεση,Δημιουργία,Ζωή (μοτίβο),Ζωή,Θεωρία της εξέλιξης,Τεχνητή ζωή |
| SUB | |a REL | ||
| SYG | 0 | 0 | |a Lebensprozess , Genese,Ursprung,Bildung , KL,AL,Artificial life , Abstammungslehre,Deszendenztheorie,Entwicklungstheorie,Evolution |



